Extracción y absorción interna del excedente económico cubano 1904-1933

Saved in:
Bibliographic Details
Main Author: DuMoulin, John
Format: Text
Published: s.l.: s.e
Tags: Add Tag
No Tags, Be the first to tag this record!

MARC

LEADER 00000 a a2200000 04500
001 23650
003
040 |a CRAI/IIS  |c CRAI/IIS 
090 |a 165500  
100 |a DuMoulin, John  
245 |a Extracción y absorción interna del excedente económico cubano 1904-1933  
260 |a s.l.:   |b s.e  
300 |a pp. 35-73  
999 |c 17545  |d 17545